Indumentaria colonial (Record no. 10191)
[ view plain ]
| 000 -CABECERA | |
|---|---|
| campo de control de longitud fija | 00966nam a2200265 a 4500 |
| 001 - NÚMERO DE CONTROL | |
| campo de control | BRL_1380 |
| 005 - FECHA Y HORA DE LA ÚLTIMA TRANSACCIÓN | |
| campo de control | 20190320211156.0 |
| 008 - DATOS DE LONGITUD FIJA--INFORMACIÓN GENERAL | |
| campo de control de longitud fija | 090114s1948----mx-a######---#000-0#esp-# |
| 041 ## - CÓDIGO DE LENGUA | |
| Código de lengua del texto/banda sonora o título independiente | esp |
| 044 ## - CÓDIGO DEL PAÍS DE LA ENTIDAD EDITORA/PRODUCTORA | |
| Código MARC del país | mx |
| 050 #4 - SIGNATURA TOPOGRÁFICA DE LA BIBLIOTECA DEL CONGRESO | |
| Número de clasificación | ND253 |
| Número de documento/Ítem | .C37 1948 |
| 100 1# - ENTRADA PRINCIPAL--NOMBRE DE PERSONA | |
| Nombre de persona | Carrillo y Gariel, Abelardo |
| Fechas asociadas al nombre | 1898-1976 |
| 9 (RLIN) | 23969 |
| 245 10 - MENCIÓN DE TÍTULO | |
| Título | Indumentaria colonial |
| Resto del título | a través de la pintura |
| Mención de responsabilidad, etc. | textos de A. Carrillo y Gariel : fotografías Archivo de la Dirección de Monumentos Coloniales, Museo Nacional de Historia, Luis Márquez ; dibujos J. Fernández. |
| 260 ## - PUBLICACIÓN, DISTRIBUCIÓN, ETC. | |
| Lugar de publicación, distribución, etc. | México |
| Nombre del editor, distribuidor, etc. | Ediciones de arte |
| Fecha de publicación, distribución, etc. | 1948 |
| 300 ## - DESCRIPCIÓN FÍSICA | |
| Extensión | 64 p. |
| Otras características físicas | il. |
| Dimensiones | 17 cm. |
| 440 #0 - MENCIÓN DE SERIE/PUNTO DE ACCESO ADICIONAL--TÍTULO | |
| Título | Colección Anáhuac de arte mexicano |
| Designación de volumen o secuencia | 5 |
| 9 (RLIN) | 26700 |
| 500 ## - NOTA GENERAL | |
| Nota general | Au1650 |
| 500 ## - NOTA GENERAL | |
| Nota general | Texto en: español, inglés, francés e italiano |
| 650 14 - PUNTO DE ACCESO ADICIONAL DE MATERIA--TÉRMINO DE MATERIA | |
| Término de materia o nombre geográfico como elemento de entrada | Indumentaria |
| Subdivisión geográfica | México |
| 9 (RLIN) | 808 |
| 650 14 - PUNTO DE ACCESO ADICIONAL DE MATERIA--TÉRMINO DE MATERIA | |
| Término de materia o nombre geográfico como elemento de entrada | Pintura mexicana |
| 9 (RLIN) | 3715 |
| 700 1# - PUNTO DE ACCESO ADICIONAL--NOMBRE DE PERSONA | |
| Nombre de persona | Márquez, Luis |
| Término indicativo de función/relación | il. |
| 9 (RLIN) | 26701 |
| 700 1# - PUNTO DE ACCESO ADICIONAL--NOMBRE DE PERSONA | |
| Nombre de persona | Fernández, J. |
| Término indicativo de función/relación | il. |
| 9 (RLIN) | 26702 |
| 902 ## - CATALOGADOR | |
| Iniciales | GRL |
| 942 ## - ELEMENTOS DE PUNTO DE ACCESO ADICIONAL (KOHA) | |
| Fuente del sistema de clasificación o colocación | Library of Congress Classification |
| Tipo de ítem Koha | Libros |
| Estado de retiro | Estado de pérdida | Estado dañado | No para préstamo | Localización permanente | Ubicación/localización actual | Fecha de adquisición | Número de inventario | Total de préstamos | Signatura topográfica completa | Código de barras | Fecha visto por última vez | Precio válido a partir de | Tipo de ítem Koha |
|---|---|---|---|---|---|---|---|---|---|---|---|---|---|
| El ejemplar forma parte de la colección y puede ser consultado según las políticas vigentes. | Biblioteca Centro de Estudios Ruth D. Lechuga | Biblioteca Centro de Estudios Ruth D. Lechuga | 09/01/2014 | Au1650 | ND253 .C37 1948 (Au1650) | GRL01538 | 22/03/2019 | 22/03/2019 | Libros |